000 00252nam a2200109Ia 4500
008 190216s9999||||xx |||||||||||||| ||und||
100 _aWilliam F Glueck
245 0 _aManagement
260 _bThe Dryden Press Sydney
_c1980
300 _a485p
942 _cBK
999 _c4755
_d4755